Kartkówka z wiedzy ogólnej. #14 - Statystyki

Ogólne statystyki
  • Ten quiz został rozwiązany 34 razy
  • Średni wynik to 3 z 10
Statystyki odpowiedzi
Hint Odpowiedź % Poprawnych
Która z płaskich figur geometrycznych ma nieskończenie wiele osi symetrii? Koło / okrąg
93%
Jak nazywał się człowiek, który jako pierwszy w historii odbył lot kosmiczny? Jurij Gagarin
73%
Jak nazywa się pierwiastek, z którego wykonane są żarniki (włókna żarowe) w żarówkach? Wolfram
40%
Jak nazywał się trener, pod kierunkiem którego polscy siatkarze zdobyli po raz pierwszy mistrzostwo świata? Hubert Wagner
33%
Który polski król był ostatnim z dynastii Jagiellonów? Zygmunt II August
33%
Która wielkość fizyczna opisuje określoną pracę wykonaną w określonej jednostce czasu? Moc
23%
Bohaterem której powieści (także filmu pod tym samym tytułem) jest Karol Borowiecki? Ziemia obiecana
17%
Jakie zwierzę odbywa okres godowy zwany parkotami? Zając
10%
Która z kości w ciele człowieka nie ma połączenia z innymi kośćmi? Gnykowa
7%
Najwyższym masywem których gór jest Marmolada? Dolomity
0%
Nie znaleziono quizów pasujących do podanych kryteriów
Rozkład punktacji
Procent ludzi z każdym wynikiem
Percentyl według liczby udzielonych odpowiedzi
Twoja historia wyników
Nie rozwiązałeś tego quizu